000 01162naa a22003377a 4500
001 BR9402034
003 BR-BrBNA
005 20240918181202.0
007 ta
008 230509b bl.||||| |||| 00| 0 por d
040 _aBR-BrBNA
_bpor
_cBiblioteca Nacional de Agricultura
041 _a(Pt)
072 _aF30
_b0716
090 _aF30 BR9402034
100 1 _aOjima, M.
100 1 _aDall'Orto, F.A.C.
100 1 _aBarbosa, W.
100 1 _aMartins, F.P.
100 1 _aSantos, R.R. dos
100 1 _aRigitano, O.
111 1 _a10. Congresso Brasileiro de Fruticultura
_cFortaleza, CE (Brazil)
_d1-6 Oct 1989
245 1 _a"Aurora-1" e Aurora-2": novas cultivares de pessego doce de polpa amarela
260 3 _aFortaleza, CE (Brasil):
_c1989.
500 _a10. Congresso Brasileiro de Fruticultura. Anais Fortaleza, CE (Brasil): 1989. p. 422-425 (BR9402034-AM)F30
650 _aPessego
650 _aVariedade
650 _aMelhoramento Genetico Vegetal
773 0 _t10. Congresso Brasileiro de Fruticultura. Anais
_wF30 BR9402034
_gFortaleza, CE (Brasil), 1989. p. 422-425
909 _a202404
_bLucia
_c55
_dLucia Elande
942 _cAM
_2AGRIS
999 _c324009
_d324009